00723nam a22001811a 4500003000600000005001700006008004100023245007200064260003500136300000900171440003200180500008700212590002800299650001800327942000600345999001500351952017500366NEGST20150929020002.0030618s1964 pau 001 0 eng d14aThe eclipse of the historical Jesus /cby Henry J. Cadbury.h[Text] aLebanon, PAbPendle Hillc1964 a35p. 0aPendle Hill pamphlet ;v133 aHaverford library lectures, Haverford College, April, 1963. Includes bibliography. aAccession number: 20317 0aJesus Christ.0001 c6679d6679 00102lcc40708GENaCPLbCPLcGENd2009-09-17eDonation- Dr. Chester Woodg6.00l1m1oBT 303.2.C3 1964pR02905P3232r2019-09-26 00:00:00s2015-09-28t1w2009-09-17yBK